[Event "Gibraltar Amateur op-B"]
[Site "Caleta"]
[Date "2019.01.29"]
[Round "4"]
[White "Elsner, Boris"]
[Black "Fong, Mi Yen"]
[Result "0-1"]
[WhiteElo "1491"]
[BlackElo "1687"]
[PlyCount "64"]
[EventDate "2019.01.26"]
[EventType "swiss"]
[EventRounds "5"]
[EventCountry "GGB"]
[SourceTitle "EXT 2021"]
[Source "ChessBase"]
[SourceDate "2020.10.23"]
[SourceVersion "1"]
[SourceVersionDate "2020.10.23"]
[SourceQuality "1"]

1. d4 Nf6 2. Bf4 d5 3. c3 g6 4. Nf3 Bg7 5. h3 c5 6. e3 Nc6 7. Nbd2 c4 8. b3 b5 9. a4 b4 10. cxb4 c3 11. Nb1 Ne4 12. Bb5 Bd7 13. Bxc6 Bxc6 14. Qd3 Bd7 15. Nxc3 Bf5 16. g4 Nxf2 17. Qb5+ Bd7 18. Qxd7+ Qxd7 19. Kxf2 a6 20. Rac1 0-0 21. Rc2 f6 22. Kg2 Rac8 23. Rcc1 Rfe8 24. Rhe1 e5 25. dxe5 fxe5 26. Bg3 d4 27. Ne4 Rxc1 28. Rxc1 dxe3 29. Bxe5 Rxe5 30. Nxe5 Bxe5 31. Kf3 Qd3 32. Nc5 Qd2 0-1

[Event "Gibraltar Amateur op-B"]
[Site "Caleta"]
[Date "2019.01.28"]
[Round "3"]
[White "Fong, Mi Yen"]
[Black "Garcia Blazquez, Perez Manuel"]
[Result "0-1"]
[WhiteElo "1687"]
[BlackElo "1849"]
[PlyCount "126"]
[EventDate "2019.01.26"]
[EventType "swiss"]
[EventRounds "5"]
[EventCountry "GGB"]
[SourceTitle "CBM 188 Extra"]
[Source "ChessBase"]
[SourceDate "2019.02.26"]
[SourceVersion "1"]
[SourceVersionDate "2019.02.26"]
[SourceQuality "1"]

1. e4 c5 2. Nf3 Nc6 3. d4 cxd4 4. Nxd4 g6 5. c4 Bg7 6. Be3 Nf6 7. Nc3 Ng4 8. Qxg4 Nxd4 9. Qd1 e5 10. Bd3 d6 11. Qd2 0-0 12. Ne2 Be6 13. Rc1 Rc8 14. 0-0 f5 15. Nxd4 exd4 16. Bg5 Qb6 17. b3 Qc6 18. Rfe1 Rce8 19. Rcd1 fxe4 20. Bxe4 d5 21. cxd5 Bxd5 22. Rc1 Qd7 23. Bxd5+ Qxd5 24. Bh6 Bxh6 25. Qxh6 Qa5 26. Rxe8 Rxe8 27. h3 d3 28. Kh2 d2 29. Rd1 Rd8 30. Qf4 Kg7 31. b4 Qd5 32. a3 a6 33. Qc7+ Rd7 34. Qc3+ Kg8 35. Qc8+ Rd8 36. Qc3 Qd6+ 37. Qg3 Qd4 38. Qe3 Qd5 39. Qc3 Kf7 40. Qc7+ Rd7 41. Qf4+ Ke6 42. Qe3+ Qe5+ 43. Kg1 Qxe3 44. fxe3 Rd3 45. Kf2 Rxa3 46. Rxd2 Ra4 47. Rd4 h5 48. Kf3 Ke5 49. Rc4 b6 50. Re4+ Kf5 51. g4+ hxg4+ 52. Rxg4 g5 53. Rd4 Ke6 54. Kg4 a5 55. Kxg5 Rxb4 56. Rd8 a4 57. h4 a3 58. h5 a2 59. Ra8 Rb5+ 60. Kg6 Ra5 61. Re8+ Kd7 62. Rf8 a1Q 63. h6 Qg1+ 0-1

[Event "Gibraltar Amateur op-A"]
[Site "Caleta"]
[Date "2019.01.24"]
[Round "4"]
[White "Galinskyi, Mykhalo"]
[Black "Fong, Mi Yen"]
[Result "1/2-1/2"]
[WhiteElo "1540"]
[BlackElo "1687"]
[PlyCount "101"]
[EventDate "2019.01.21"]
[EventType "swiss"]
[EventRounds "5"]
[EventCountry "GGB"]
[SourceTitle "CBM 188 Extra"]
[Source "ChessBase"]
[SourceDate "2019.02.26"]
[SourceVersion "1"]
[SourceVersionDate "2019.02.26"]
[SourceQuality "1"]

1. e4 e5 2. Nf3 Nc6 3. Bc4 Bc5 4. c3 Nf6 5. d3 d6 6. Nbd2 0-0 7. 0-0 Bg4 8. Re1 Ne7 9. Nf1 Ng6 10. Ng3 Nh4 11. Bg5 Bxf3 12. gxf3 Ng6 13. Nh5 Bb6 14. d4 c6 15. f4 Nxf4 16. Nxf4 exf4 17. Bxf4 d5 18. exd5 Nxd5 19. Bxd5 Qxd5 20. Re5 Qd7 21. Qf3 Bd8 22. Qg3 Bf6 23. Re3 Rfe8 24. Rae1 Rxe3 25. Qxe3 h6 26. Qg3 Kh7 27. Qd3+ g6 28. Qe3 h5 29. Bg3 h4 30. Bf4 g5 31. Qe4+ Kh6 32. Bd2 Kg7 33. Kh1 Rg8 34. f4 g4 35. Rg1 Kh8 36. f5 Qd5 37. Qxd5 cxd5 38. Kg2 Bg5 39. Bxg5 Rxg5 40. Re1 Rxf5 41. Re7 Kg7 42. Rxb7 a6 43. Rb6 Rf6 44. Rxf6 Kxf6 45. a4 Ke6 46. b3 Kd6 47. c4 dxc4 48. bxc4 f5 49. Kf2 f4 50. Kg2 a5 51. h3 1/2-1/2

[Event "Gibraltar Amateur op-A"]
[Site "Caleta"]
[Date "2019.01.22"]
[Round "2"]
[White "Wadhwani, Sunil"]
[Black "Fong, Mi Yen"]
[Result "0-1"]
[WhiteElo "1841"]
[BlackElo "1687"]
[PlyCount "90"]
[EventDate "2019.01.21"]
[EventType "swiss"]
[EventRounds "5"]
[EventCountry "GGB"]
[SourceTitle "CBM 188 Extra"]
[Source "ChessBase"]
[SourceDate "2019.02.26"]
[SourceVersion "1"]
[SourceVersionDate "2019.02.26"]
[SourceQuality "1"]

1. e4 e5 2. Nf3 Nc6 3. Bc4 Bc5 4. 0-0 Nf6 5. d4 Bxd4 6. Nxd4 Nxd4 7. c3 Nc6 8. Qc2 d6 9. Bg5 h6 10. Bh4 g5 11. Bg3 Nh5 12. h3 Nxg3 13. fxg3 0-0 14. Qe2 Be6 15. Nd2 Qe7 16. Qh5 Kg7 17. b4 f6 18. Rf2 Bf7 19. Qe2 Qd7 20. Raf1 Bg6 21. g4 Nd8 22. Kh2 Ne6 23. g3 c6 24. Bxe6 Qxe6 25. c4 Rad8 26. Nb3 b6 27. Rd1 d5 28. exd5 cxd5 29. Nd4 Qc8 30. Nf5+ Bxf5 31. gxf5 Qxc4 32. Qh5 Qc7 33. Qg6+ Kh8 34. Rc1 Qg7 35. Rfc2 Qxg6 36. fxg6 Kg7 37. Rc7+ Kxg6 38. g4 Rf7 39. Kg3 Rdd7 40. Rc8 e4 41. Rg8+ Rg7 42. Re8 Rc7 43. Rc8 Rxc1 44. Rxc1 d4 45. Kf2 Rd7 0-1

[Event "UTP Team-chT"]
[Site "Seri Iskandar"]
[Date "2017.09.24"]
[Round "5.4"]
[White "Mukhriez, Shah Bin Mahmood Sh"]
[Black "Fong, Mi Yen"]
[Result "1/2-1/2"]
[WhiteElo "1799"]
[BlackElo "1726"]
[PlyCount "94"]
[EventDate "2017.09.23"]
[EventType "team-swiss"]
[EventRounds "7"]
[EventCountry "MAS"]
[SourceTitle "EXT 2019"]
[Source "ChessBase"]
[SourceDate "2018.10.10"]
[SourceVersion "1"]
[SourceVersionDate "2018.10.10"]
[SourceQuality "1"]

1. e4 e5 2. Nf3 Nc6 3. Bc4 Bc5 4. 0-0 d6 5. c3 Nf6 6. d3 0-0 7. a4 a5 8. Be3 Ba7 9. Nbd2 h6 10. h3 Be6 11. Bxe6 fxe6 12. Qb3 Qc8 13. d4 exd4 14. cxd4 Rf7 15. Rac1 e5 16. dxe5 Nxe5 17. Bxa7 Rxa7 18. Nxe5 dxe5 19. Nf3 Nd7 20. Qe6 Ra6 21. Qd5 Kf8 22. Nxe5 Nxe5 23. Qxe5 Re6 24. Qc5+ Kg8 25. f3 b6 26. Qd5 Qe8 27. Rfd1 Kh7 28. b3 Rg6 29. Kh1 Qf8 30. Qd3 Qe7 31. Rc2 Qh4 32. e5 Qe7 33. Rc6 Qg5 34. Rd2 Rxf3 35. Rxg6 Rxd3 36. Rxg5 Rxd2 37. Rf5 Re2 38. Rf7 Rxe5 39. Rxc7 Re3 40. b4 axb4 41. Rb7 Ra3 42. Rxb6 Rxa4 43. Kh2 Kg8 44. Rb7 Kf8 45. h4 b3 46. Kg3 Ra3 47. Kg4 Ra2 1/2-1/2

[Event "UTP Team-chT"]
[Site "Seri Iskandar"]
[Date "2017.09.23"]
[Round "1.4"]
[White "Awang, Mohd Syafie Ki"]
[Black "Fong, Mi Yen"]
[Result "1/2-1/2"]
[WhiteElo "1775"]
[BlackElo "1726"]
[PlyCount "141"]
[EventDate "2017.09.23"]
[EventType "team-swiss"]
[EventRounds "7"]
[EventCountry "MAS"]
[SourceTitle "EXT 2019"]
[Source "ChessBase"]
[SourceDate "2018.10.10"]
[SourceVersion "1"]
[SourceVersionDate "2018.10.10"]
[SourceQuality "1"]

1. d4 Nf6 2. c4 g6 3. Nc3 Bg7 4. e4 d6 5. Bg5 h6 6. Bh4 0-0 7. f4 c5 8. d5 Re8 9. Nf3 Qb6 10. Qb3 Qxb3 11. axb3 Na6 12. Bd3 Nb4 13. Bb1 Nh5 14. Bg3 e6 15. 0-0 Nxg3 16. hxg3 exd5 17. cxd5 a6 18. Re1 Bg4 19. Nh2 Bd7 20. Nf3 Bg4 21. Nh2 Bd7 22. Kf1 Re7 23. Nf3 Rae8 24. Nd2 Bxc3 25. bxc3 Nxd5 26. Rc1 Nf6 27. c4 Bc6 28. Rd1 Ng4 29. Bd3 Ne3+ 30. Kf2 Nxd1+ 31. Rxd1 b5 32. g4 f5 33. gxf5 gxf5 34. exf5 Rg7 35. g3 Kf7 36. Ra1 Bb7 37. cxb5 axb5 38. Bxb5 Reg8 39. Ra7 Kf6 40. Bc4 d5 41. Rxb7 Rxb7 42. Bxd5 Rd7 43. Bxg8 Rxd2+ 44. Ke3 Rg2 45. Kf3 Rg1 46. Be6 h5 47. Kf2 Rc1 48. Kg2 Rd1 49. Kf3 Rd3+ 50. Kg2 Rd2+ 51. Kf3 Rd3+ 52. Kf2 Rd2+ 53. Ke3 Rg2 54. Kf3 Rd2 55. Bg8 Kxf5 56. Bh7+ Kf6 57. Bg8 Rh2 58. Bc4 h4 59. g4 Rh3+ 60. Ke4 Rg3 61. g5+ Kg7 62. Kd5 Rf3 63. Kxc5 Rxf4 64. Be6 Re4 65. Bd7 Re5+ 66. Kc6 Rxg5 67. b4 Rg6+ 68. Kc7 Rg1 69. b5 Rc1+ 70. Kd6 Rd1+ 71. Kc7 1/2-1/2

[Event "Kuala Lumpur Masters (Women)"]
[Site "Kuala Lumpur"]
[Date "2013.06.24"]
[Round "4"]
[White "Azhar, Puteri Rifqah Fahad"]
[Black "Fong, Mi Yen"]
[Result "0-1"]
[WhiteElo "1855"]
[BlackElo "1890"]
[PlyCount "148"]
[EventDate "2013.06.22"]
[EventType "tourn"]
[EventRounds "7"]
[EventCountry "MAS"]
[SourceTitle "CBM 155 Extra"]
[Source "ChessBase"]
[SourceDate "2013.08.26"]
[SourceVersion "1"]
[SourceVersionDate "2013.08.26"]
[SourceQuality "1"]

1. d4 Nf6 2. c4 g6 3. Nc3 d6 4. e4 Bg7 5. h3 0-0 6. Nf3 e5 7. d5 Nbd7 8. Be3 Ne8 9. Qc2 c5 10. Bd3 Ndf6 11. Be2 Nh5 12. Bd3 a6 13. a3 Qa5 14. Bd2 Nf4 15. Bxf4 exf4 16. Rc1 Bd7 17. 0-0 Rb8 18. Ne2 b5 19. Rb1 Qd8 20. b4 cxb4 21. axb4 Rc8 22. Qa2 g5 23. Rfc1 g4 24. hxg4 Bxg4 25. Nh2 Qg5 26. Nxg4 f3 27. gxf3 h5 28. Kh1 hxg4 29. f4 Qh6+ 30. Kg1 Kh8 31. Ng3 Qxf4 32. Qe2 Bd4 33. Kg2 bxc4 34. Rxc4 Rxc4 35. Bxc4 Nf6 36. Rh1+ Kg8 37. Rd1 Bb6 38. Qd2 Qf3+ 39. Kf1 Nxe4 40. Nxe4 Qh1+ 41. Ke2 Qxe4+ 42. Kf1 Qxc4+ 43. Kg1 Qe4 44. Re1 Qg6 45. Kg2 Rc8 46. Qf4 Rc2 47. Rf1 g3 48. Qxg3 Qxg3+ 49. Kxg3 Rb2 50. Ra1 Rxb4 51. Rxa6 Bc5 52. Ra8+ Kg7 53. Ra7 Rd4 54. Kf3 Rxd5 55. Kg4 Kg6 56. f3 f5+ 57. Kg3 Rd3 58. Ra8 d5 59. Rg8+ Kf7 60. Rd8 Be3 61. Ra8 f4+ 62. Kg4 d4 63. Kf5 Ke7 64. Ke5 Kd7 65. Kd5 Kc7 66. Rh8 Kb6 67. Rb8+ Kc7 68. Rh8 Rc3 69. Rh7+ Kb6 70. Rh6+ Kb5 71. Rh8 Rc5+ 72. Ke4 Kc4 73. Ra8 d3 74. Ra1 d2 0-1

[Event "Olympiad Women-39"]
[Site "Khanty-Mansiysk"]
[Date "2010.09.29"]
[Round "8.40"]
[White "Fong, Mi Yen"]
[Black "Nouman, Amna"]
[Result "0-1"]
[WhiteElo "1905"]
[BlackElo "1752"]
[PlyCount "64"]
[EventDate "2010.09.21"]
[EventType "team-swiss"]
[EventRounds "11"]
[EventCountry "RUS"]
[SourceTitle "CBM 139"]
[Source "ChessBase"]
[SourceDate "2010.11.18"]
[SourceVersion "1"]
[SourceVersionDate "2010.11.18"]
[SourceQuality "1"]
[WhiteTeam "Malaysia (W)"]
[BlackTeam "United Arab Emirates (W)"]
[WhiteTeamCountry "MAS"]
[BlackTeamCountry "UAE"]

1. e4 e5 2. Nf3 Nc6 3. Bb5 a6 4. Ba4 Nf6 5. 0-0 b5 6. Bb3 Bc5 7. Re1 d6 8. h3 0-0 9. c3 Bb6 10. d4 Re8 11. Bc2 Bb7 12. Bg5 h6 13. Bh4 g5 14. Bg3 exd4 15. cxd4 Nb4 16. Nbd2 Nxc2 17. Qxc2 Qd7 18. Re2 Nh5 19. Nf1 f5 20. e5 Qe6 21. Rae1 Bxf3 22. gxf3 d5 23. Kg2 f4 24. Bh2 Ng7 25. Rd1 Nf5 26. Qc3 Nh4+ 27. Kh1 Qxh3 28. Ne3 Qxf3+ 29. Kg1 fxe3 30. Kf1 Qh1+ 31. Bg1 Qg2+ 32. Ke1 Qxg1# 0-1